Marketing Research

Guardado en:
Detalles Bibliográficos
Autor principal: Parasuraman, A.
Formato: Libro
Lenguaje:inglés
Publicado: Reading Addison-Wesley Pub. Co. 1986
Edición:1. ed.
Etiquetas: Agregar Etiqueta
Sin Etiquetas, Sea el primero en etiquetar este registro!

MARC

LEADER 00000nam a2200000 4500
001 c025211
005 20221220071939.6
041 0 |a eng 
044 |a US 
245 1 0 |a Marketing Research  |c A. Parasuraman 
250 |a 1. ed. 
264 1 |a Reading  |b Addison-Wesley Pub. Co.  |c 1986 
300 |a 831 s. 
100 1 |a Parasuraman, A.